000 00454nam a2200169Ia 4500
003 GCL
008 140319s9999 xx 000 0 ara d
040 _aGCL /
_cGCL
082 0 4 _a811.9
_bح ح
100 1 _aحسن عقل
245 1 0 _aالحلم : شعر /
_cحسن عقل
490 _a
650 0 4 _aالادب العربى
650 0 4 _aالعصر الحديث
650 0 4 _aالشعر العربى - دواوين وقصائد
942 _2ddc
_cBK
999 _c40496
_d40496